000 01130nam a2200313 i 4500
003 EG-GICUC
005 20260310225507.0
008 260310s1958 ua ||||fr|||| 000 0 ara d
040 _a EG-GICUC
_c EG-GICUC
_d EG-GICUC
_erda
_bara
041 0 _aara
082 0 4 _221
_a341
_bس م . ت
092 0 4 _221
099 _aLaw1 11 1958 341 س م . ت
100 0 _aسمير المنقباوي ،
_eمؤلف.
245 1 0 _aتطور المركز الدولى للسودان /
_cتأليف الدكتور سمير المنقباوي .
250 _aالطبعة الأولى
264 1 _aالاسكندرية :
_bكلية الحقوق ،
_c١٩٥٨ .
300 _a351 ؛ صفحة
_c24 سم
336 _2rda content
_atext
337 _2rda media
_aComputer
338 _2rda carrier
_aOnline Resource
504 _aيشتمل على ارجاعات ببليوجرافية .
546 _aالنص باللغة العربية
650 1 4 _aالقانون الدولي
_zالسودان
_2qrmak
651 1 _2qrmak
856 4 0 _uhttps://fll.law.cu.edu.eg/fulltext/bks/B00-00243.pdf
905 _a76
942 _2ddc
_cBK
_e21
_n0
999 _c65995
_d65995